000
00245nam a2200109Ia 4500
999
_c
7949
_d
7949
020
_a
978-0132719049
100
_a
John V. Thill
245
0
_a
Excellence in Business Communication
260
_a
Singapore
_b
BPB
_c
2002
300
_a
950
942
_c
BK